Europe - Statistics

General Stats
  • This quiz has been taken 15 times
  • The average score is 40 of 52
Answers on the Map
Answers color-coded by a green-red scale on the quiz's map according to % correct below.
 
Answer Stats
Answer % Correct
France
100%
Portugal
100%
Spain
100%
Denmark
92%
Finland
92%
Germany
92%
Ireland
92%
Italy
92%
Norway
92%
Poland
92%
Russia
92%
Sweden
92%
Switzerland
92%
United Kingdom
92%
Austria
85%
Belgium
85%
Estonia
85%
Hungary
85%
Latvia
85%
Luxembourg
85%
Luxembourg
85%
Netherlands
85%
Andorra
77%
Belarus
77%
Czechia
77%
Greece
77%
Liechtenstein
77%
Lithuania
77%
Lithuania
77%
Slovakia
77%
Slovenia
77%
Ukraine
77%
Vatican City
77%
Iceland
69%
Kosovo
69%
Monaco
69%
Montenegro
69%
Romania
69%
Serbia
69%
Turkey
69%
Albania
62%
Bulgaria
62%
croatia
62%
Malta
62%
Moldova
62%
North Macedonia
62%
San Marino
62%
Cyprus
54%
Georgia
54%
Azerbaijan
46%
Bosnia and Herzegovina
46%
Kazakhstan
38%
No matching quizzes found
Score Distribution
Percent of People with Each Score
Percentile by Number Answered
Your Score History
You have not taken this quiz